Manual of salmonid farming
I tiakina i:
| Kaituhi matua: | |
|---|---|
| Hōputu: | Pukapuka |
| Reo: | Ingarihi |
| I whakaputaina: |
Oxford
Fishing News Books
1999
|
| Ngā marau: | |
| Ngā Tūtohu: |
Tāpirihia he Tūtohu
Kāore He Tūtohu, Me noho koe te mea tuatahi ki te tūtohu i tēnei pūkete!
|
MARC
| LEADER | 00000nam a2200000 a 4500 | ||
|---|---|---|---|
| 001 | UCO9216 | ||
| 003 | CL-VaPUC | ||
| 008 | 010125e19990000UK |||||||||||||||||eng|d | ||
| 082 | 0 | 4 | |a 639.3755 |b WIL |2 21 |
| 100 | 0 | |a Willoughby, Stephen |e author |9 454221 | |
| 245 | 1 | 0 | |a Manual of salmonid farming |
| 300 | |a 329 p | ||
| 942 | |c BK | ||
| 945 | |d 20010125 00:00:00 |a vberengu | ||
| 260 | |a Oxford |b Fishing News Books |c 1999 | ||
| 650 | 7 | |a PISCICULTURA |2 CL-VaPUC |9 259974 | |
| 650 | 7 | |a SALMON |2 CL-VaPUC |9 261349 | |
| 650 | 0 | |a Salmonicultura |9 261348 | |
| 583 | |a last modification |c 20010125 00:00:00 |k Rodrigo Vera | ||
| 999 | |c 293489 |d 293487 | ||
| 952 | |0 0 |1 0 |4 0 |6 639_375500000000000_WIL_1999 |7 0 |8 CCM |9 345053 |a BIBCUR |b BIBCUR |d 2019-11-20 |i 3688216 |o 639.3755 WIL 1999 |p 3688216 |r 2025-04-22 |w 2019-11-20 |y BK |k RNT | ||